Cria práctica de las gallinas /

Guardado en:
Autor Principal: García Mata, Rafael
Formato: Libro
Publicado: Buenos Aires : Sudamericana, 1945
Edición:3a. ed.
Series:Enciclopedia agropecuaria argentina
Materias:
Etiquetas: Agregar Etiqueta
Sin Etiquetas, Sea el primero en etiquetar este registro!
LEADER 01018nam a22002295a 4500
001 CEM.cems015887
005 20131203174757.0
008 130507s1945##################000#0#####d
003 CEMS
082 0 4 |a 636.5 
100 1 |a García Mata, Rafael 
245 1 0 |a Cria práctica de las gallinas /  |c Rafael García Mata 
250 |a 3a. ed. 
260 |a Buenos Aires :  |b Sudamericana,  |c 1945 
300 |a 200 p. 
490 0 |a Enciclopedia agropecuaria argentina 
505 0 |a La gallina -- Elección de la raza -- Ubicación, construcciones y elementos del gallinero -- La incubación -- La crianza de los pollitos -- La alimentación -- Principios generales de la selección y cría -- La producción de huevos y aves para el consumo -- Breves nociones sobre las pincipales enfermedades y parásitos de las aves 
653 |a Avicultura 
653 |a Gallinas 
653 |a Gallinero 
859 |a CEMS  |b BIB. CEMS - Agricultura  |h 636.5  |i G165a3  |p A15984.90  |t Ej.1 
859 |a CEMS  |b BIB. CEMS - Agricultura  |h 636.5  |i G165a3  |p A6358.78  |t Ej.2